Największe powiaty Polski - Statystyki

Ogólne statystyki
  • Ten quiz został rozwiązany 54 razy
  • Średni wynik to 9 z 15
Statystyki odpowiedzi
Województwo Powierzchnia (km²) Powiat % Poprawnych
Podlaskie 2 976,44 Białostocki
98%
Warmińsko-Mazurskie 2 838,02 Olsztyński
91%
Świętokrzyskie 2 246,07 Kielecki
81%
Lubelskie 2 754,26 Bialski
74%
Pomorskie 2 304,24 Słupski
68%
Wielkopolskie 1 899,88 Poznański
60%
Lubelskie 1 870,29 Zamojski
60%
Pomorskie 2 192,07 Bytowski
58%
Mazowieckie 2 093,55 Ostrołęcki
58%
Lubelskie 1 885,60 Chełmski
55%
Mazowieckie 1 796,63 Płocki
55%
Warmińsko-Mazurskie 1 933,21 Szczycieński
47%
Podlaskie 2 054,50 Sokólski
45%
Zachodniopomorskie 1 869,11 Gryfiński
36%
Wielkopolskie 1 806,05 Czarnkowsko-trzcianecki
26%
Nie znaleziono quizów pasujących do podanych kryteriów
Rozkład punktacji
Procent ludzi z każdym wynikiem
Percentyl według liczby udzielonych odpowiedzi
Twoja historia wyników
Nie rozwiązałeś tego quizu